Elements de l'univers de Harry Potter - Statistiques

Statistiques générales
  • Ce quiz a été pris 165 fois
    128 depuis la dernière actualisation
  • Le résultat moyen est 37 sur 45
Statistiques - réponses
Indication Elément de l'univers Harry Potter % Correct
Personne sans pouvoirs magiques Moldu
100%
Personne appartenant au monde magique et capable d'utiliser la magie Sorcier
99%
Poste au Quidditch, le plus difficile et celuiqu'Harry remplit dans la saga Attrapeur
97%
Outil utilisé pour canalyser la magie Baguette
97%
Sport le plus populaire chez les sorciers Quidditch
97%
Ecole de sorciers la plus prestigieuse au monde Poudlard
95%
Maison bleu et grise Serdaigle
94%
Balle la plus rapide au Quidditch, si l'Attrapeur l'attrape, son équipe gagne Vif d'or
94%
Prison la plus tristement célèbre du mondemagique Azkaban
93%
Maison vert et argent Serpentard
93%
Langue parlée par de rares personnes, qui permet de communiquer avec les serpents Fourchelang
92%
Maison jaune et noir Poufsouffle
92%
Salle cachée dans le château qui abriteun Basilic Chambre des secrets
91%
Maison rouge et or Gryffondor
91%
Créature magique ressemblant à un fantôme noir, se nourrissant de l'âme des êtres vivants Détraqueur
89%
Poste au Quidditch, qui consiste à empêcherles joueurs adverses de marquer Gardien
89%
Personne capable de se transformeren animal Animagus
87%
Un de ces 3 sortilèges, celui de la mort Avada Kedavra
87%
Personne avec des pouvoirs magiques, née de parents sans pouvoirs magiques Né-Moldu
87%
Poste au Quidditch, 2 joueurs de l'équipequi défendent leur équipe d'une certaine balle avec une batte Batteur
86%
Balle folle au Quidditch Cognard
86%
Matière enseignée, consistant en l'artdes philtres magiques Potions
86%
Un de ces 3 objets, plus puissante baguetteau monde Baguette de sureau
83%
Un de ces 3 objets, permet de se rendre invisible Cape d'invisibilité
83%
Matière enseignée, consistant en la protectioncontre toute attaque Défense contre les forces du mal
83%
Matière enseignée, consistant en la transformation Métamorphose
83%
Partisans de Lord Voldemort Mangemorts
82%
Un de ces 3 objets, permet de ramenerles morts à la vie Pierre de résurrection
80%
Balle principale au Quidditch Souafle
80%
Un de ces 3 sortilèges, celui du contrôle Imperium
79%
Poste au Quidditch, qui consiste à attraper laballe principale et à marquer Poursuiveur
79%
Petite boule dont l'intérieur se colore en rougequand on a oublié quelque chose Rappeltout
79%
Policier du monde magique, chargé decapturer les criminels Auror
78%
Un de ces 3 sortilèges, celui de la douleur Doloris
78%
Sort très puissant servant à repousser lescréatures de l'indication précédente, qui s'incarne sous la forme d'une lumière blanche Patronus
78%
Groupe de 3 objets, qui, ensemble, font de son possesseur le maître de la Mort Reliques de la Mort
76%
Magie très noire qui consiste à détacher une partie de son âme pour l'attacher à un objet ou un être, afin de ne pas mourir Horcruxe
74%
Organisation créée par Dumbledore afinde lutter contre Voldemort Ordre du Phénix
73%
Compétition historique dans le monde magique, qui voit s'affronter 3 écoles dans 3 épreuves extrêmement dangereuses Tournoi des Trois Sorciers
73%
Terme employé pour décrire une personne née d'une union entre une personne dotée de pouvoirs magiques et une n'en ayant pas Sang-Mêlé
69%
Lieu qui sert de quartier général àla politique du monde magique Ministère de la Magie
68%
Groupe de 3 sortilèges interdits car trop dangereux et puissants Sortilèges impardonnables
68%
Personne appartenant au monde magiquemais sans pouvoirs magiques Cracmol
64%
Pacte scellé entre 2 sorciers pour garantirl'exécution d'une promesse, avec comme conséquence la mort de qui la trahit Serment inviolable
49%
Histoire qui raconte l'histoire des Peverell,et leur rencontre avec la Mort Le Conte des Trois Frères
42%
Aucun quiz correspondant
Distribution des résultats
% des personnes avec chaque résultat
Percentile par nombre de réponses
Votre historique - résultats
Vous n’avez pas pris ce quiz depuis la dernière actualisation